Statistics for Highest Paid Footballers - 2012

Click here to take the quiz!

General Stats

  • This quiz has been taken 5,131 times
  • The average score is 5 of 10

Answer Stats

NumberEarningsPlayer% Correct
3£24.3 millionCristiano Ronaldo
100%
1£27.5 millionLionel Messi
99%
5£17.2 millionWayne Rooney
74%
4£19.4 millionSamuel Eto'o
42%
2£26.2 millionDavid Beckham
41%
6£15.7 millionSergio Aguero
41%
8£13.9 millionFernando Torres
34%
9£12.9 millionKaka
32%
7£14.7 millionYaya Toure
28%
10£11.9 millionPhillip Lahm
8%

Score Distribution

Percentile by Number Answered

Percent of People with Each Score

Your Score History

You have not taken this quiz